01000nam a22002657a 450000500170000001000270001702000270004402000270007103500170009803500130011503700210012803700080014903700160015703700130017308200120018624500870019826000450028526000400033027000610037027000850043130000230051694200260053999900190056595201500058420180523151122.0 aB-410632-651 B-693962 a9780470744512c$ 30.95 a9788126567041c1899.00 aB-410632-651 aB-693962 bSuper Books /ven bSBD bSuper Books bRK Books a650.076 aGMAT :bthe official guide 2018 /cfrom the graduate management admission council  aUnited KingdombJohn Wiley & Sons c2009 aNew JerseybJohn Wiley & Sonsc2017 aSouthern Gate, Chichester, West Sussex, bUnited Kingdom a111 River Street , Permission Department , John Wiley & SonsbHoboken, NJe07030 a846p. c30cm(pbk)  2ddccENmGMAh650.076 c152233d152233 001040718REFaLbLd2018-05-23eRK Books/IN397/18-19/23-05-18/23-05-18g1899.00l0o650.076 GMApB-693962r2018-05-23 00:00:00t1v1899.00yEN